<?xml version="1.0" encoding="UTF-8"?>
<record
    xmlns:xsi="http://www.w3.org/2001/XMLSchema-instance"
    xsi:schemaLocation="http://www.loc.gov/MARC21/slim http://www.loc.gov/standards/marcxml/schema/MARC21slim.xsd"
    xmlns="http://www.loc.gov/MARC21/slim">

  <leader>01180nam0a22002411  4500</leader>
  <controlfield tag="001">rc\858803</controlfield>
  <controlfield tag="005">20260406185424.0</controlfield>
  <datafield tag="035" ind1=" " ind2=" ">
    <subfield code="a">(NLR Aleph) 006038650</subfield>
  </datafield>
  <datafield tag="090" ind1=" " ind2=" ">
    <subfield code="a">7604157</subfield>
    <subfield code="c">7604157</subfield>
  </datafield>
  <datafield tag="100" ind1=" " ind2=" ">
    <subfield code="a">20041129d1983    |||y0rusy50      ca</subfield>
  </datafield>
  <datafield tag="101" ind1="0" ind2=" ">
    <subfield code="a">rus</subfield>
  </datafield>
  <datafield tag="102" ind1=" " ind2=" ">
    <subfield code="a">RU</subfield>
  </datafield>
  <datafield tag="105" ind1=" " ind2=" ">
    <subfield code="a">y   |||||||||</subfield>
  </datafield>
  <datafield tag="200" ind1="1" ind2=" ">
    <subfield code="a">&#x420;&#x435;&#x448;&#x435;&#x43D;&#x438;&#x435; &#x41F;&#x440;&#x43E;&#x434;&#x43E;&#x432;&#x43E;&#x43B;&#x44C;&#x441;&#x442;&#x432;&#x435;&#x43D;&#x43D;&#x43E;&#x439; &#x43F;&#x440;&#x43E;&#x433;&#x440;&#x430;&#x43C;&#x43C;&#x44B; - &#x446;&#x435;&#x43D;&#x442;&#x440;&#x430;&#x43B;&#x44C;&#x43D;&#x430;&#x44F; &#x437;&#x430;&#x434;&#x430;&#x447;&#x430; &#x43F;&#x430;&#x440;&#x442;&#x438;&#x438; &#x438; &#x441;&#x43E;&#x432;&#x435;&#x442;&#x441;&#x43A;&#x43E;&#x433;&#x43E; &#x43D;&#x430;&#x440;&#x43E;&#x434;&#x430; &#x432; 80-&#x445; &#x433;&#x43E;&#x434;&#x430;&#x445;</subfield>
    <subfield code="e">&#x423;&#x447;&#x435;&#x431;.-&#x43C;&#x435;&#x442;&#x43E;&#x434;. &#x43F;&#x43E;&#x441;&#x43E;&#x431;&#x438;&#x435; &#x434;&#x43B;&#x44F; &#x43F;&#x440;&#x435;&#x43F;&#x43E;&#x434;&#x430;&#x432;&#x430;&#x442;&#x435;&#x43B;&#x435;&#x439;, &#x441;&#x43B;&#x443;&#x448;&#x430;&#x442;&#x435;&#x43B;&#x435;&#x439;, &#x43F;&#x440;&#x43E;&#x43F;&#x430;&#x433;&#x430;&#x43D;&#x434;&#x438;&#x441;&#x442;&#x43E;&#x432; &#x438; &#x43F;&#x430;&#x440;&#x442;.-&#x445;&#x43E;&#x437;. &#x430;&#x43A;&#x442;&#x438;&#x432;&#x430;</subfield>
    <subfield code="f">&#x423;&#x43D;-&#x442; &#x43C;&#x430;&#x440;&#x43A;&#x441;&#x438;&#x437;&#x43C;&#x430;-&#x43B;&#x435;&#x43D;&#x438;&#x43D;&#x438;&#x437;&#x43C;&#x430; &#x426;&#x41A; &#x41A;&#x43E;&#x43C;&#x43F;&#x430;&#x440;&#x442;&#x438;&#x438; &#x41B;&#x438;&#x442;&#x432;&#x44B;, &#x41A;&#x430;&#x444;. &#x44D;&#x43A;&#x43E;&#x43D;. &#x43D;&#x430;&#x443;&#x43A;</subfield>
    <subfield code="g">&#x41F;&#x43E;&#x434;&#x433;&#x43E;&#x442;. &#x41B;. &#x41A;&#x440;&#x44E;&#x43A;&#x44F;&#x43B;&#x438;&#x441;, &#x42E;. &#x411;&#x430;&#x433;&#x434;&#x430;&#x43D;&#x430;&#x432;&#x438;&#x447;&#x44E;&#x441;</subfield>
  </datafield>
  <datafield tag="210" ind1=" " ind2=" ">
    <subfield code="a">&#x412;&#x438;&#x43B;&#x44C;&#x43D;&#x44E;&#x441;</subfield>
    <subfield code="c">&#x411;. &#x438;.</subfield>
    <subfield code="d">1983</subfield>
  </datafield>
  <datafield tag="215" ind1=" " ind2=" ">
    <subfield code="a">82 &#x441;.</subfield>
    <subfield code="d">19</subfield>
  </datafield>
  <datafield tag="702" ind1=" " ind2="1">
    <subfield code="a">&#x41A;&#x440;&#x44E;&#x43A;&#x44F;&#x43B;&#x438;&#x441;</subfield>
    <subfield code="b">&#x41B;.&#x422;.</subfield>
    <subfield code="4">570</subfield>
  </datafield>
  <datafield tag="712" ind1="0" ind2="2">
    <subfield code="a">&#x423;&#x43D;&#x438;&#x432;&#x435;&#x440;&#x441;&#x438;&#x442;&#x435;&#x442; &#x43C;&#x430;&#x440;&#x43A;&#x441;&#x438;&#x437;&#x43C;&#x430;-&#x43B;&#x435;&#x43D;&#x438;&#x43D;&#x438;&#x437;&#x43C;&#x430;</subfield>
    <subfield code="c">&#x412;&#x438;&#x43B;&#x44C;&#x43D;&#x44E;&#x441;</subfield>
    <subfield code="3">RU\NLR\AUTH\889951033</subfield>
    <subfield code="9">398007</subfield>
  </datafield>
  <datafield tag="801" ind1=" " ind2="0">
    <subfield code="a">RU</subfield>
    <subfield code="b">NLR</subfield>
    <subfield code="g">psbo</subfield>
  </datafield>
  <datafield tag="801" ind1=" " ind2="1">
    <subfield code="a">RU</subfield>
    <subfield code="b">ELAR</subfield>
    <subfield code="2">rusmarc</subfield>
  </datafield>
  <datafield tag="852" ind1=" " ind2=" ">
    <subfield code="a">NLR</subfield>
    <subfield code="j">84-4/3180</subfield>
  </datafield>
  <datafield tag="942" ind1=" " ind2=" ">
    <subfield code="c">BOOK</subfield>
  </datafield>
  <datafield tag="980" ind1=" " ind2=" ">
    <subfield code="a">NB</subfield>
  </datafield>
  <datafield tag="995" ind1=" " ind2=" ">
    <subfield code="5">2013-10-26</subfield>
    <subfield code="b">NLR01</subfield>
    <subfield code="c">NLR01</subfield>
    <subfield code="e">RF9</subfield>
    <subfield code="f">6038650-10</subfield>
    <subfield code="k">84-4/3180</subfield>
    <subfield code="o">0</subfield>
    <subfield code="r">BOOK</subfield>
    <subfield code="s">8443180_</subfield>
  </datafield>
</record>
